[Event "Russian Higher League 2020"]
[Site "?"]
[Date "2020.10.11"]
[Round "4.11"]
[White "Demchenko, Anton"]
[Black "Shuvalova, Polina"]
[Result "1-0"]
[WhiteElo "2632"]
[BlackElo "2441"]
[PlyCount "93"]
[EventDate "2020.??.??"]

1. Nf3 Nf6 2. g3 g6 3. Bg2 Bg7 4. O-O d5 5. d3 c5 6. Nbd2 Nc6 7. e4 O-O 8. Re1
e5 9. exd5 Nxd5 10. Nc4 f6 11. Nfd2 Be6 12. Ne4 b6 13. f4 Qd7 14. fxe5 Bg4 15.
Nxc5 bxc5 16. Bxd5+ Qxd5 17. Qxg4 Nd4 18. Qe4 Qxe4 19. Rxe4 Nxc2 20. Rb1 fxe5
21. Be3 Nxe3 22. Nxe3 Rad8 23. Rd1 Rf7 24. Ng4 Rd5 25. b3 h5 26. Nf2 Rd6 27.
Kg2 Ra6 28. Re2 Rd6 29. Ne4 Rd5 30. Rc2 Bf8 31. Rf2 Be7 32. Rxf7 Kxf7 33. Kf3
c4 34. bxc4 Ra5 35. Rd2 Ke6 36. Rb2 Ra3 37. Ke3 a5 38. Rc2 Ra4 39. Rb2 Ra3 40.
h3 Bb4 41. Rc2 Kd7 42. Nf6+ Kc6 43. Nd5 Bd6 44. Nc3 Bb8 45. Ke4 Kc5 46. Nb5 Ra4
47. a3 1-0

[Event "Russian Higher League 2020"]
[Site "?"]
[Date "2020.10.11"]
[Round "4.13"]
[White "Makarian, Rudik"]
[Black "Yuffa, Daniil"]
[Result "1-0"]
[WhiteElo "2441"]
[BlackElo "2583"]
[PlyCount "79"]
[EventDate "2020.??.??"]

1. d4 Nf6 2. c4 e6 3. Nf3 Bb4+ 4. Bd2 Qe7 5. g3 Bxd2+ 6. Qxd2 Nc6 7. b3 d5 8.
Bg2 dxc4 9. bxc4 O-O 10. O-O Rb8 11. Qc3 b6 12. Nbd2 Ba6 13. Rab1 Nd7 14. Bh3
Na5 15. e4 Rbd8 16. Rfe1 e5 17. d5 f6 18. Nh4 Kh8 19. Nb3 Nb7 20. Bf5 Ndc5 21.
Qf3 g5 22. Nxc5 Nxc5 23. Ng2 Bxc4 24. h4 Rg8 25. hxg5 Rxg5 26. Rbd1 Bxa2 27.
Ne3 Bb3 28. Rb1 Rf8 29. Kg2 Rf7 30. Rh1 a5 31. Rh6 a4 32. Rbh1 Rgg7 33. Bg6
Rxg6 34. Rxg6 Qf8 35. Rxh7+ Rxh7 36. Rxf6 Qe7 37. Rf8+ Kg7 38. Rc8 Qf7 39. Qg4+
Kf6 40. Qf5+ 1-0

[Event "Russian Higher League 2020"]
[Site "?"]
[Date "2020.10.11"]
[Round "4.14"]
[White "Rozum, Ivan"]
[Black "Murzin, Volodar"]
[Result "1/2-1/2"]
[WhiteElo "2566"]
[BlackElo "2465"]
[PlyCount "68"]
[EventDate "2020.??.??"]

1. g3 g6 2. Bg2 Bg7 3. d4 Nf6 4. e4 d6 5. Nc3 O-O 6. Nge2 e5 7. h3 a6 8. a4 Nc6
9. Be3 exd4 10. Nxd4 Bd7 11. O-O Re8 12. Re1 Qc8 13. Kh2 h5 14. a5 Nh7 15. f4
Nf8 16. Qd2 Nxd4 17. Bxd4 Bxd4 18. Qxd4 Bc6 19. Re2 Qb8 20. Rae1 Qa7 21. Qc4
Ne6 22. e5 Qd4 23. Qxd4 Nxd4 24. Rd2 dxe5 25. Rxe5 Rxe5 26. fxe5 Nf3+ 27. Bxf3
Bxf3 28. Nd5 Kf8 29. e6 Bxd5 30. Rxd5 Re8 31. Rd7 Re7 32. Rd8+ Re8 33. Rd7 Re7
34. Rd8+ Re8 1/2-1/2

[Event "Russian Higher League 2020"]
[Site "?"]
[Date "2020.10.11"]
[Round "4.15"]
[White "Sviridov, Valery"]
[Black "Belyakov, Bogdan"]
[Result "1-0"]
[WhiteElo "2558"]
[BlackElo "2458"]
[PlyCount "95"]
[EventDate "2020.??.??"]

1. d4 Nf6 2. Nf3 g6 3. c4 Bg7 4. Nc3 O-O 5. e4 d6 6. Be2 e5 7. O-O Nc6 8. Be3
Ng4 9. Bg5 f6 10. Bh4 h5 11. d5 Ne7 12. h3 Nh6 13. Bg3 g5 14. Nd2 g4 15. hxg4
hxg4 16. c5 f5 17. Bh4 f4 18. Bg5 f3 19. gxf3 Qe8 20. fxg4 Qg6 21. Bxh6 Bxh6
22. Nc4 Bf4 23. Kg2 Qf6 24. Rh1 Be3 25. Qg1 Bxc5 26. Ne3 Qg7 27. Rh2 Bd7 28.
Kh1 Bxe3 29. fxe3 Rf7 30. g5 Raf8 31. Qg3 c6 32. dxc6 bxc6 33. Bc4 d5 34. exd5
cxd5 35. Nxd5 Bc6 36. Qg2 Nxd5 37. Bxd5 Bxd5 38. Qxd5 Qg6 39. e4 Rc8 40. Rf1
Rcf8 41. Rf6 Qg7 42. Rhh6 Qxg5 43. Rfg6+ Qxg6 44. Rxg6+ Kh7 45. Qe6 Rf1+ 46.
Kh2 R1f2+ 47. Rg2 R2f6 48. Qxe5 1-0

[Event "Russian Higher League 2020"]
[Site "?"]
[Date "2020.10.11"]
[Round "4.16"]
[White "Gaifullin, Artur"]
[Black "Iljiushenok, Ilia"]
[Result "1/2-1/2"]
[WhiteElo "2440"]
[BlackElo "2515"]
[PlyCount "125"]
[EventDate "2020.??.??"]

1. d4 Nf6 2. c4 g6 3. Nc3 Bg7 4. g3 O-O 5. Bg2 d6 6. Nf3 c6 7. O-O Qb6 8. b3
Nbd7 9. e4 e5 10. dxe5 dxe5 11. Be3 Qc7 12. h3 Re8 13. Qc2 Bf8 14. Na4 b6 15.
Rad1 Ba6 16. Nh2 Rad8 17. f4 b5 18. Nb2 exf4 19. Bxf4 Qb6+ 20. Kh1 Bg7 21. cxb5
Bxb5 22. Nc4 Bxc4 23. bxc4 Ne5 24. c5 Qa5 25. Rxd8 Qxd8 26. Nf3 Nh5 27. Kh2
Nxf3+ 28. Rxf3 Be5 29. Bxe5 Rxe5 30. Qb3 Qc7 31. Qb4 Rg5 32. e5 Qxe5 33. Qb7
Rf5 34. Ra3 Rg5 35. Rf3 Rf5 36. Ra3 Qxc5 37. Qxa7 Qxa7 38. Rxa7 Rf2 39. a4 f5
40. Kg1 Rc2 41. Rc7 Nxg3 42. Rxc6 Rd2 43. a5 Ne2+ 44. Kf1 Nf4 45. Rc8+ Kg7 46.
Bb7 Ra2 47. a6 Nxh3 48. Rc4 Kf6 49. Bc8 Ke5 50. Rc7 Nf4 51. Rxh7 Nd5 52. Rg7 f4
53. Rxg6 Ne3+ 54. Kg1 f3 55. Re6+ Kf4 56. Rf6+ Kg3 57. Rg6+ Kh4 58. Rh6+ Kg3
59. Rg6+ Kh4 60. Rh6+ Kg5 61. Rh2 Ra1+ 62. Kf2 Ra2+ 63. Kxf3 1/2-1/2

[Event "Russian Higher League 2020"]
[Site "?"]
[Date "2020.10.11"]
[Round "4.17"]
[White "Lobanov, Sergei"]
[Black "Lugovskoy, Maxim"]
[Result "1/2-1/2"]
[WhiteElo "2510"]
[BlackElo "2420"]
[PlyCount "79"]
[EventDate "2020.??.??"]

1. e4 e6 2. d4 d5 3. Nc3 Nf6 4. Bg5 Be7 5. e5 Nfd7 6. h4 Nc6 7. Qd2 a6 8. O-O-O
h6 9. Bxe7 Qxe7 10. f4 Nb6 11. h5 Bd7 12. Nf3 O-O-O 13. b3 Kb8 14. Kb2 Rc8 15.
Ne1 f6 16. Be2 fxe5 17. fxe5 Rhf8 18. a3 Na7 19. Nd3 Nb5 20. Nc5 Rf2 21. Nxd7+
Nxd7 22. Nxb5 axb5 23. Rh2 c5 24. Qe1 Rf4 25. Bxb5 cxd4 26. g3 Re4 27. Re2 Nc5
28. Rxe4 Nxe4 29. Bd3 Nc3 30. Rd2 Qg5 31. Rh2 Rf8 32. Rh4 Rc8 33. Rxd4 Qxh5 34.
Rf4 g5 35. Rf6 Qg4 36. Qg1 Nd1+ 37. Kc1 Nc3 38. Kb2 Nd1+ 39. Kc1 Nc3 40. Kb2
1/2-1/2

[Event "Russian Higher League 2020"]
[Site "?"]
[Date "2020.10.11"]
[Round "4.18"]
[White "Klimentov, Evgeny"]
[Black "Nesterov, Arseniy"]
[Result "0-1"]
[WhiteElo "2222"]
[BlackElo "2510"]
[PlyCount "104"]
[EventDate "2020.??.??"]

1. e4 e6 2. d4 d5 3. Nd2 c5 4. Ngf3 Nc6 5. exd5 exd5 6. dxc5 Bxc5 7. Bd3 Nf6 8.
Nb3 Bb6 9. Qe2+ Be6 10. Be3 O-O 11. Bxb6 Qxb6 12. O-O-O a5 13. Nbd4 Bg4 14.
Nxc6 bxc6 15. h3 Bxf3 16. gxf3 a4 17. a3 d4 18. Qd2 Rfb8 19. c4 dxc3 20. Qxc3
Nd5 21. Qc2 Ra5 22. Bc4 g6 23. Rd2 Rc5 24. Rhd1 Qc7 25. Qe4 Nb6 26. Rc2 Nxc4
27. Rxc4 Rxc4+ 28. Qxc4 Qe5 29. Qd4 Qe2 30. f4 c5 31. Qe5 Qc4+ 32. Kb1 Qb3 33.
Rc1 Rd8 34. Qxc5 Qxh3 35. Ka1 h5 36. Qa5 Rc8 37. Re1 Qd7 38. f5 Qxf5 39. Qxf5
gxf5 40. Re5 Kg7 41. Rxf5 Kg6 42. Rf4 Ra8 43. b3 axb3 44. Kb2 f5 45. Rc4 Kg5
46. Rc1 h4 47. Rh1 Rh8 48. a4 h3 49. a5 h2 50. a6 Kg4 51. a7 Kh3 52. Ra1 Ra8
0-1

[Event "Russian Higher League 2020"]
[Site "?"]
[Date "2020.10.11"]
[Round "4.19"]
[White "Kobalia, Mikhail"]
[Black "Nazaretyan, Tigran"]
[Result "1-0"]
[WhiteElo "2614"]
[BlackElo "2308"]
[PlyCount "127"]
[EventDate "2020.??.??"]

1. e4 e5 2. Nf3 Nc6 3. Bc4 Bc5 4. c3 Nf6 5. d3 d6 6. O-O a6 7. a4 Ba7 8. b4 h6
9. Nbd2 O-O 10. h3 Re8 11. Re1 Be6 12. Qc2 Nh5 13. Bxe6 fxe6 14. Nf1 Qf6 15.
Be3 Nf4 16. Bxa7 Rxa7 17. Re3 Raa8 18. h4 Rf8 19. N1h2 Rf7 20. g3 Qg6 21. Kh1
Nh5 22. Ng1 Raf8 23. Rf3 a5 24. b5 Nb8 25. Re1 Nd7 26. Rxf7 Rxf7 27. Ngf3 Ndf6
28. Re3 Ng4 29. Nxg4 Qxg4 30. Nh2 Qh3 31. Kg1 Nf6 32. Qe2 g5 33. g4 Qxh4 34.
Kg2 h5 35. Rh3 hxg4 36. Rxh4 gxh4 37. Qe3 Rg7 38. Qh6 h3+ 39. Kh1 Kf7 40. Nf1
b6 41. Ng3 Rh7 42. Qg5 Rg7 43. Qc1 Kg6 44. Qd1 Kg5 45. Qd2+ Kg6 46. d4 Rf7 47.
Kg1 Nh7 48. Qd1 Rf3 49. dxe5 Ng5 50. exd6 cxd6 51. Qc2 Kf6 52. e5+ Kxe5 53. Qg6
h2+ 54. Kg2 Rxg3+ 55. fxg3 Ne4 56. Kxh2 Kd5 57. c4+ Ke5 58. Qxg4 d5 59. cxd5
exd5 60. Qf4+ Kd4 61. g4 Kc3 62. Qe3+ Kc4 63. Qxb6 d4 64. Qe6+ 1-0

[Event "Russian Higher League 2020"]
[Site "?"]
[Date "2020.10.11"]
[Round "4.20"]
[White "Zabotin, Alexander"]
[Black "Ibadov, Dashgyn"]
[Result "1-0"]
[WhiteElo "2486"]
[BlackElo "2296"]
[PlyCount "69"]
[EventDate "2020.??.??"]

1. d4 Nf6 2. c4 c5 3. d5 d6 4. Nc3 g6 5. e4 Bg7 6. Nf3 O-O 7. h3 e6 8. Bd3 exd5
9. cxd5 Re8 10. O-O Nbd7 11. Re1 Ne5 12. Nxe5 Rxe5 13. Bf4 Nh5 14. Be3 Qh4 15.
Qd2 g5 16. b4 Nf4 17. Bf1 Bxh3 18. gxh3 cxb4 19. Ne2 Rxe4 20. Ng3 Re5 21. Rad1
Rae8 22. Bxa7 Nxh3+ 23. Bxh3 Qxh3 24. Rxe5 Rxe5 25. Bb8 Qg4 26. Bxd6 Re8 27.
Re1 Rd8 28. Qxb4 h5 29. Qxg4 hxg4 30. Nf5 Kh7 31. Kg2 Bf6 32. Kg3 Ra8 33. a3
Kg6 34. Kxg4 Ra4+ 35. Bb4 1-0

[Event "Russian Higher League 2020"]
[Site "?"]
[Date "2020.10.11"]
[Round "4.21"]
[White "Bimiev, Ahmad"]
[Black "Pogosyan, Stefan"]
[Result "0-1"]
[WhiteElo "2252"]
[BlackElo "2442"]
[PlyCount "158"]
[EventDate "2020.??.??"]

1. f4 e5 2. d3 exf4 3. Bxf4 d5 4. Nf3 Nf6 5. Qd2 Nc6 6. Nc3 Bc5 7. e4 dxe4 8.
Nxe4 Nxe4 9. dxe4 Qxd2+ 10. Nxd2 Bd6 11. Bxd6 cxd6 12. Nc4 Ke7 13. O-O-O Rd8
14. Ne3 Be6 15. Bc4 Rac8 16. Bd5 Nb4 17. Rd4 Nxd5 18. exd5 Bd7 19. Re1 Kf8 20.
Kd2 Re8 21. c3 b5 22. a4 bxa4 23. Nc4 Rb8 24. Rxe8+ Bxe8 25. Re4 f5 26. Re6 Bf7
27. Rxd6 Rb5 28. Rd8+ Ke7 29. Ra8 Bxd5 30. Rxa7+ Kf6 31. Ne3 Bxg2 32. Ra6+ Kg5
33. h4+ Kh5 34. Rxa4 Rxb2+ 35. Kc1 Rf2 36. Ra7 Kh6 37. Rf7 Kg6 38. Rf8 Be4 39.
Kd1 Rh2 40. c4 Rxh4 41. c5 Kg5 42. c6 Bxc6 43. Rxf5+ Kg6 44. Ra5 Be4 45. Ke2
Rf4 46. Nd1 Bf5 47. Ne3 Kg5 48. Ng2 Re4+ 49. Kf3 g6 50. Ne3 Rf4+ 51. Kg3 h5 52.
Rc5 h4+ 53. Kg2 Kh6 54. Kh2 Be4 55. Ra5 g5 56. Re5 Kg6 57. Re8 Kf7 58. Re5 Kf6
59. Re8 Kg6 60. Re6+ Kg7 61. Re5 Kh6 62. Re6+ Bg6 63. Rd6 Kg7 64. Rd5 Re4 65.
Ng2 Kh6 66. Rd8 Kg7 67. Rd5 Kh6 68. Kh3 Bf7 69. Rd3 Bc4 70. Rd1 Kh5 71. Kh2 Be6
72. Rd3 Bc4 73. Rd1 Be2 74. Ra1 Bf3 75. Ne1 Re2+ 76. Kg1 Be4 77. Kf1 Rd2 78.
Ra4 Bd5 79. Ra5 h3 0-1

[Event "Russian Higher League 2020"]
[Site "?"]
[Date "2020.10.11"]
[Round "4.22"]
[White "Saidov, Bilukhadzh"]
[Black "Kardashevskiy, Evgeny"]
[Result "1-0"]
[WhiteElo "2259"]
[BlackElo "2449"]
[PlyCount "57"]
[EventDate "2020.??.??"]

1. d4 Nf6 2. Nf3 e6 3. c4 d5 4. Nc3 c6 5. Bg5 h6 6. Bh4 dxc4 7. e4 g5 8. Bg3 b5
9. Qc2 Bb7 10. Be2 Nbd7 11. O-O Nh5 12. Rad1 Nxg3 13. fxg3 Qb6 14. Kh1 Bg7 15.
e5 O-O-O 16. Ne4 f5 17. exf6 Nxf6 18. Nc5 Rhe8 19. Qg6 Re7 20. Ne5 Rxd4 21.
Nxe6 Rxe6 22. Bg4 Rxg4 23. Nxg4 c5 24. Qxg7 Qc6 25. Rd2 Nxg4 26. Rf8+ Re8 27.
Qe7 Kb8 28. Rxe8+ Bc8 29. Rxc8+ 1-0

[Event "Russian Higher League 2020"]
[Site "?"]
[Date "2020.10.11"]
[Round "4.23"]
[White "Sarana, Alexey"]
[Black "Stukan, Martin"]
[Result "1/2-1/2"]
[WhiteElo "2657"]
[BlackElo "2316"]
[PlyCount "153"]
[EventDate "2020.??.??"]

1. e4 c5 2. Nf3 d6 3. d4 cxd4 4. Nxd4 Nf6 5. Nc3 a6 6. Be3 e5 7. Nb3 Be6 8. f3
h5 9. Qd2 Nbd7 10. Nd5 Bxd5 11. exd5 g6 12. O-O-O Nb6 13. Kb1 Nbxd5 14. Bg5 Be7
15. Bd3 Qc7 16. Rhe1 O-O-O 17. c4 Nf4 18. Bxf4 exf4 19. Qxf4 Rhe8 20. Rc1 Kb8
21. Re2 d5 22. Qxc7+ Kxc7 23. c5 Bf8 24. Rec2 Re3 25. Rd1 Rde8 26. a4 Re1 27.
Rxe1 Rxe1+ 28. Ka2 Nd7 29. c6 Ne5 30. cxb7+ Kxb7 31. Be2 Nc6 32. Bxa6+ Kb6 33.
a5+ Nxa5 34. Nxa5 Kxa5 35. Bb7 d4 36. Rd2 Bh6 37. Rxd4 Re2 38. f4 Bg7 39. Rd7
Kb4 40. Kb1 Rxb2+ 41. Kc1 Rf2 42. Rxf7 Bd4 43. Kd1 h4 44. h3 Be3 45. Bf3 Rd2+
46. Ke1 Rd4 47. f5 gxf5 48. Rxf5 Bf4 49. Bb7 Bd6 50. Ke2 Rf4 51. Rh5 Bc5 52.
Bf3 Kc4 53. Rg5 Be7 54. Ra5 Bb4 55. Ra8 Kd4 56. Rd8+ Ke5 57. Kd3 Bd6 58. Rh8
Ra4 59. Rh5+ Kf6 60. Rh6+ Ke7 61. Bc6 Rb4 62. Bd5 Bg3 63. Bc4 Rb2 64. Bd5 Rb4
65. Re6+ Kf8 66. Re2 Rf4 67. Ra2 Ke7 68. Be4 Bf2 69. Ra6 Rf6 70. Ra5 Rf4 71.
Rh5 Kf6 72. Ke2 Rxe4+ 73. Kxf2 Ra4 74. Rd5 Ra2+ 75. Kf3 Ra3+ 76. Kf4 Rg3 77.
Rd6+ 1/2-1/2

[Event "Russian Higher League 2020"]
[Site "?"]
[Date "2020.10.11"]
[Round "4.25"]
[White "Tugarin, Anton"]
[Black "Obgolts, Erik"]
[Result "0-1"]
[WhiteElo "2224"]
[BlackElo "2376"]
[PlyCount "38"]
[EventDate "2020.??.??"]

1. e4 c6 2. d4 d5 3. e5 c5 4. dxc5 e6 5. a3 Bxc5 6. b4 Be7 7. Qg4 g6 8. Bd3 a5
9. b5 Nd7 10. Nf3 h5 11. Qf4 Nh6 12. Bb2 a4 13. O-O Nc5 14. Nc3 Bd7 15. Rfe1
Nxd3 16. cxd3 Bc8 17. h4 Nf5 18. g3 Ra5 19. Nd4 g5 0-1

[Event "Russian Higher League 2020"]
[Site "?"]
[Date "2020.10.12"]
[Round "5.1"]
[White "Fedoseev, Vladimir"]
[Black "Pridorozhni, Aleksei"]
[Result "1/2-1/2"]
[WhiteElo "2674"]
[BlackElo "2596"]
[PlyCount "107"]
[EventDate "2020.??.??"]
[WhiteClock "0:29:48"]
[BlackClock "0:28:51"]

1. e4 e5 2. Nf3 Nf6 3. Nxe5 d6 4. Nf3 Nxe4 5. Nc3 Nxc3 6. dxc3 Be7 7. Be3 Nc6
8. Bd3 Be6 9. Qe2 Ne5 10. Nxe5 dxe5 11. O-O-O c6 12. g4 Bxa2 13. c4 Qa5 14. Qe1
Qa4 15. Qc3 e4 16. Qxg7 O-O-O 17. Bxe4 Bxc4 18. Bf5+ Kb8 19. b3 Qa2 20. Rd7
Ba3+ 21. Kd2 Bb4+ 22. Kc1 Ba3+ 23. Kd2 Rxd7+ 24. Bxd7 Bb4+ 25. Kc1 Rd8 26. Qe5+
Ka8 27. bxc4 Ba3+ 28. Kd2 Rxd7+ 29. Ke2 Qxc4+ 30. Kf3 Be7 31. Bxa7 Bd6 32. Qd4
Qxd4 33. Bxd4 b5 34. Be3 Kb7 35. Rd1 Kc7 36. h4 Be7 37. Ra1 Bxh4 38. Rh1 Be7
39. Rxh7 Bd6 40. Rh5 Re7 41. Rf5 b4 42. Ra5 Kd7 43. Bg5 Re1 44. Rf5 Ke8 45. Be3
Rb1 46. Ke4 b3 47. cxb3 Rxb3 48. Rf6 Rb4+ 49. Kf3 Ke7 50. Bg5 c5 51. Rg6+ Kd7
52. Rf6 Ke7 53. Rg6+ Kd7 54. Rf6 1/2-1/2

[Event "Russian Higher League 2020"]
[Site "?"]
[Date "2020.10.12"]
[Round "5.2"]
[White "Chigaev, Maksim"]
[Black "Rakhmanov, Aleksandr"]
[Result "1-0"]
[WhiteElo "2598"]
[BlackElo "2646"]
[PlyCount "85"]
[EventDate "2020.??.??"]
[WhiteClock "0:35:02"]
[BlackClock "0:30:39"]

1. e4 e5 2. Nf3 Nf6 3. Nc3 Nc6 4. h3 Bb4 5. Nd5 Ba5 6. c3 Nxe4 7. d4 Ne7 8. Qa4
c6 9. Nxe7 Nxc3 10. bxc3 Bxc3+ 11. Bd2 Qxe7 12. Bxc3 exd4+ 13. Be2 dxc3 14. O-O
O-O 15. Bd3 Qf6 16. Qb4 Rd8 17. Rfc1 a5 18. Qxc3 Qxc3 19. Rxc3 a4 20. a3 g6 21.
Bc2 Ra7 22. Rd1 Re8 23. Rd6 Re6 24. Rd4 b5 25. Rd1 Ra8 26. Ng5 Re7 27. Ne4 Kg7
28. Nd6 Ba6 29. f4 Rb8 30. Rd4 f6 31. Kf2 Kf8 32. g4 Rg7 33. h4 Re7 34. f5 b4
35. axb4 a3 36. Rxa3 Re2+ 37. Kf3 Rxc2 38. Rxa6 Rc3+ 39. Kf4 Rh3 40. Ne4 Ke7
41. Ra7 Rd8 42. Nc5 Rxh4 43. Nxd7 1-0

[Event "Russian Higher League 2020"]
[Site "?"]
[Date "2020.10.12"]
[Round "5.3"]
[White "Goganov, Aleksey"]
[Black "Ponkratov, Pavel"]
[Result "1/2-1/2"]
[WhiteElo "2573"]
[BlackElo "2628"]
[PlyCount "99"]
[EventDate "2020.??.??"]
[WhiteClock "0:27:54"]
[BlackClock "0:34:47"]

1. d4 Nf6 2. c4 g6 3. Nc3 d5 4. cxd5 Nxd5 5. e4 Nxc3 6. bxc3 Bg7 7. Nf3 c5 8.
Be3 Qa5 9. Qd2 O-O 10. Rc1 Rd8 11. d5 e6 12. Bg5 f6 13. Be3 Nc6 14. h4 Ne7 15.
c4 Qxd2+ 16. Kxd2 b6 17. h5 g5 18. h6 Bf8 19. Bd3 b5 20. Bxc5 bxc4 21. Bxc4
Nxd5 22. Bxd5 exd5 23. e5 g4 24. Nd4 fxe5 25. Nc6 Re8 26. Rh5 a5 27. Bxf8 Rxf8
28. Rxe5 Kh8 29. Ke3 Bf5 30. Nd4 Be4 31. f3 gxf3 32. gxf3 Bg6 33. f4 a4 34. f5
Bf7 35. a3 Bg8 36. Kf4 Rab8 37. Rce1 Rbc8 38. Kg5 Bf7 39. Re7 Bg8 40. R1e3 Rb8
41. Ra7 Rb1 42. Rxa4 Rg1+ 43. Kf4 Rh1 44. Ra6 Rh4+ 45. Ke5 Re8+ 46. Ne6 Rxh6
47. Kxd5 Rh1 48. Ke5 Rb8 49. Ra7 Rb5+ 50. Kf4 1/2-1/2

[Event "Russian Higher League 2020"]
[Site "?"]
[Date "2020.10.12"]
[Round "5.4"]
[White "Antipov, Mikhail Al"]
[Black "Alekseev, Evgeny"]
[Result "1-0"]
[WhiteElo "2591"]
[BlackElo "2626"]
[PlyCount "87"]
[EventDate "2020.??.??"]
[WhiteClock "0:19:43"]
[BlackClock "0:24:17"]

1. e4 e5 2. Nf3 Nc6 3. Bc4 Bc5 4. d3 Nf6 5. O-O d6 6. c3 a6 7. a4 Ba7 8. Re1 h6
9. Nbd2 O-O 10. h3 Re8 11. b4 Be6 12. Bxe6 Rxe6 13. Qc2 Ne7 14. c4 Nh5 15. Nf1
Rf6 16. Qd1 Nc6 17. Rb1 Nf4 18. Bxf4 Rxf4 19. Ne3 Nd4 20. Nxd4 Bxd4 21. Re2 Rf6
22. Nf5 Ba7 23. Rc2 Kh7 24. c5 Qd7 25. a5 Rd8 26. cxd6 cxd6 27. Rbc1 g6 28. Rc7
Qb5 29. Qb3 Rd7 30. Ne3 Bxe3 31. fxe3 Re6 32. Rc8 Ree7 33. Rf8 Kg7 34. Rcc8 Rc7
35. Rg8+ Kf6 36. Rcd8 Red7 37. Rde8 Rc1+ 38. Kh2 Rdc7 39. Rd8 Rd7 40. Rdf8 Rdc7
41. Qa2 Qxd3 42. Qf2+ Ke6 43. Re8+ Re7 44. Rg7 1-0

[Event "Russian Higher League 2020"]
[Site "?"]
[Date "2020.10.12"]
[Round "5.5"]
[White "Artemiev, Vladislav"]
[Black "Makarian, Rudik"]
[Result "1-0"]
[WhiteElo "2716"]
[BlackElo "2441"]
[PlyCount "87"]
[EventDate "2020.??.??"]
[WhiteClock "0:28:45"]
[BlackClock "0:30:19"]

1. d4 Nf6 2. c4 g6 3. Nc3 Bg7 4. g3 c5 5. dxc5 Na6 6. Bg2 Nxc5 7. Nh3 d6 8. Nf4
O-O 9. O-O Bf5 10. Be3 Ng4 11. Bd2 Nf6 12. Rc1 Nfe4 13. b4 Nxd2 14. Qxd2 Ne6
15. Nfd5 Nd4 16. Rfd1 Rc8 17. Qe3 Rxc4 18. Nxe7+ Kh8 19. Nxf5 Nxf5 20. Qd3 Rxb4
21. e3 Ne7 22. Rc2 Qd7 23. Nd5 Nxd5 24. Bxd5 Bf6 25. Rdc1 Qb5 26. Qd1 Kg7 27.
Rc7 Qa5 28. Bb3 Rb5 29. Qxd6 Rf5 30. Rxb7 Be5 31. Qd3 a6 32. Rd1 h5 33. Qc4 Rf6
34. Re7 Bd6 35. Ra7 Bb8 36. Rb7 Be5 37. Kg2 Bb8 38. Rdd7 Qf5 39. f4 h4 40. e4
h3+ 41. Kf2 Qa5 42. Rxf7+ R6xf7 43. Rxf7+ Kh6 44. Rxf8 1-0

[Event "Russian Higher League 2020"]
[Site "?"]
[Date "2020.10.12"]
[Round "5.6"]
[White "Lysyj, Igor"]
[Black "Esipenko, Andrey"]
[Result "1/2-1/2"]
[WhiteElo "2593"]
[BlackElo "2682"]
[PlyCount "89"]
[EventDate "2020.??.??"]
[WhiteClock "0:27:14"]
[BlackClock "0:27:56"]

1. d4 Nf6 2. c4 e6 3. Nf3 d5 4. g3 Bb4+ 5. Bd2 a5 6. Bg2 O-O 7. Qc2 c5 8. cxd5
cxd4 9. Nxd4 Qb6 10. Nf3 exd5 11. O-O Nc6 12. Nc3 d4 13. Na4 Qb5 14. Qd3 Qxd3
15. exd3 Bf5 16. Bxb4 Nxb4 17. Rfd1 Bxd3 18. a3 Nc2 19. Rac1 Be2 20. Rd2 Bb5
21. Nc5 d3 22. Nxd3 Rad8 23. Rdxc2 Bxd3 24. Rc5 b6 25. Rc6 Rb8 26. Ne5 Bb5 27.
Rc7 Rbe8 28. f4 Rd8 29. Rb7 Rd6 30. Bf3 Ba6 31. Ra7 Bb5 32. Rb7 Ba6 33. Ra7 Bb5
34. Rcc7 Rd2 35. g4 Be2 36. Bxe2 Rxe2 37. Nxf7 Ne8 38. Rcb7 Re4 39. Ne5 Rexf4
40. Kg2 Re4 41. Re7 h6 42. h3 Re2+ 43. Kg3 Re3+ 44. Kg2 Re2+ 45. Kg3 1/2-1/2

[Event "Russian Higher League 2020"]
[Site "?"]
[Date "2020.10.12"]
[Round "5.7"]
[White "Sakaev, Konstantin"]
[Black "Predke, Alexandr"]
[Result "1-0"]
[WhiteElo "2596"]
[BlackElo "2676"]
[PlyCount "153"]
[EventDate "2020.??.??"]
[WhiteClock "0:01:41"]
[BlackClock "0:01:32"]

1. d4 Nf6 2. c4 e6 3. g3 d5 4. Nf3 Bb4+ 5. Bd2 Bd6 6. Nc3 Nc6 7. Bg5 dxc4 8. e4
e5 9. dxe5 Nxe5 10. Nxe5 Bxe5 11. Qxd8+ Kxd8 12. O-O-O+ Ke8 13. Bxc4 h6 14. Bf4
Bxf4+ 15. gxf4 Be6 16. Bd3 Bg4 17. Rd2 Nh5 18. Rg1 Bd7 19. f5 Bc6 20. Be2 Nf6
21. e5 Nd7 22. e6 fxe6 23. fxe6 Nf6 24. Rxg7 Rh7 25. Rxh7 Nxh7 26. f4 Ke7 27.
f5 Nf6 28. Bb5 Bf3 29. Rf2 Bg4 30. Bd3 Rd8 31. Kd2 b5 32. Rf4 a6 33. b4 Bh3 34.
a3 Rg8 35. Be4 Kd6 36. Rh4 Bg2 37. Bd3 h5 38. Rf4 Bc6 39. Rf2 Rg4 40. Ne2 Ke5
41. h3 Rh4 42. Ng1 Kd6 43. Re2 Rf4 44. Re3 Rf2+ 45. Ne2 h4 46. Ke1 Rg2 47. Nf4
Ra2 48. Be2 Ra1+ 49. Kd2 Be4 50. Nh5 Ra2+ 51. Ke1 Bxf5 52. Nxf6 Bxe6 53. Ne4+
Kc6 54. Nc5 Bc8 55. Bf3+ Kd6 56. Bg4 Bxg4 57. hxg4 Rg2 58. g5 Kd5 59. Ne6 Kd6
60. Kf1 Rg4 61. Nc5 Kd5 62. Nxa6 c6 63. Rc3 Kd4 64. Rh3 Ke5 65. Nb8 Kd6 66. Kf2
Rc4 67. Rd3+ Ke6 68. g6 c5 69. g7 Kf7 70. Rd7+ Kg8 71. Na6 cxb4 72. Nxb4 Rf4+
73. Kg2 h3+ 74. Kxh3 Rf3+ 75. Kg4 Rxa3 76. Nd5 Ra6 77. Kg5 1-0

[Event "Russian Higher League 2020"]
[Site "?"]
[Date "2020.10.12"]
[Round "5.8"]
[White "Goryachkina, Aleksandra"]
[Black "Sjugirov, Sanan"]
[Result "0-1"]
[WhiteElo "2582"]
[BlackElo "2675"]
[PlyCount "126"]
[EventDate "2020.??.??"]
[WhiteClock "0:00:35"]
[BlackClock "0:09:36"]

1. d4 Nf6 2. c4 e6 3. g3 d5 4. Bg2 Be7 5. Nf3 O-O 6. Nc3 Nbd7 7. b3 b6 8. cxd5
exd5 9. O-O Bb7 10. Bf4 c6 11. Ne5 Re8 12. Qc2 Nf8 13. Rfd1 Ne6 14. Nf3 Bf8 15.
Qb2 a5 16. a3 Ne4 17. Be3 Nc7 18. Nxe4 dxe4 19. Nd2 f5 20. Bf4 Nd5 21. e3 Nxf4
22. exf4 b5 23. Nf1 g6 24. Ne3 Bg7 25. b4 axb4 26. axb4 Rxa1 27. Qxa1 Qe7 28.
Qc3 Rd8 29. h4 Qd6 30. Qb3+ Kh8 31. Kh2 Bf8 32. Nc2 Bc8 33. Ra1 Be6 34. Qa3 Bg7
35. Bf1 Bf6 36. Be2 Kg7 37. Kg1 Qd7 38. Rd1 Qf7 39. Rb1 Qd7 40. Rd1 Bf7 41. Ra1
Qd6 42. Rd1 Qe6 43. Ra1 Qb3 44. Qc1 Qc3 45. Kf1 Rd6 46. h5 Bb3 47. Ne3 Qxc1+
48. Rxc1 Bxd4 49. hxg6 hxg6 50. g4 Kf6 51. gxf5 gxf5 52. Bh5 Be6 53. Rd1 Ke7
54. Bg6 Bxe3 55. Rxd6 Kxd6 56. fxe3 Kd5 57. Be8 Kc4 58. Bxc6 Kxb4 59. Ke2 Kc4
60. Kd2 b4 61. Bb7 b3 62. Ba6+ Kb4 63. Kc1 Ka3 0-1

[Event "Russian Higher League 2020"]
[Site "?"]
[Date "2020.10.12"]
[Round "5.9"]
[White "Lintchevski, Daniil"]
[Black "Demchenko, Anton"]
[Result "1/2-1/2"]
[WhiteElo "2559"]
[BlackElo "2632"]
[PlyCount "100"]
[EventDate "2020.??.??"]
[WhiteClock "0:28:33"]
[BlackClock "0:10:52"]

1. e4 g6 2. d4 d6 3. Bc4 Nf6 4. Qe2 Nc6 5. Nf3 Bg4 6. c3 e5 7. Bb5 Nd7 8. Nbd2
exd4 9. Bxc6 bxc6 10. cxd4 Bg7 11. h3 Bxf3 12. Nxf3 O-O 13. O-O Re8 14. Qc2 c5
15. Be3 Rb8 16. Rab1 Qe7 17. dxc5 Nxc5 18. Bxc5 dxc5 19. Rfe1 Qe6 20. b3 c4 21.
e5 Rb4 22. Re3 Reb8 23. Rd1 a5 24. Nd4 Qb6 25. bxc4 Qc5 26. Nb3 Qxc4 27. Qxc4
Rxc4 28. Nxa5 Rc5 29. Nb3 Rxe5 30. Rxe5 Bxe5 31. Kf1 Bd6 32. Rd2 Kf8 33. Ke2
Ke7 34. Rc2 Kd7 35. Nd2 Ra8 36. Nc4 f6 37. Kd3 Bc5 38. Re2 Kc6 39. Kc3 Rd8 40.
Nb2 Kb5 41. Kb3 Rb8 42. Kc3 Bb4+ 43. Kb3 Bd6 44. Nc4 Kc6+ 45. Kc2 Bc5 46. f3 g5
47. Re4 Ra8 48. Kb3 Rb8+ 49. Kc2 Ra8 50. Kb3 Rb8+ 1/2-1/2

[Event "Russian Higher League 2020"]
[Site "?"]
[Date "2020.10.12"]
[Round "5.10"]
[White "Zvjaginsev, Vadim"]
[Black "Sviridov, Valery"]
[Result "0-1"]
[WhiteElo "2617"]
[BlackElo "2558"]
[PlyCount "94"]
[EventDate "2020.??.??"]
[WhiteClock "0:29:06"]
[BlackClock "0:29:10"]

1. e4 g6 2. d4 Bg7 3. Nf3 d6 4. Be2 b6 5. c4 Bb7 6. Nc3 e6 7. Be3 Nd7 8. d5
Ngf6 9. dxe6 fxe6 10. Nd4 Qe7 11. Ncb5 Nc5 12. b4 Na6 13. f3 O-O 14. O-O Nxb4
15. Nxc7 Qxc7 16. Nxe6 Qe7 17. Nxg7 Nxe4 18. Re1 Nc5 19. Qd2 Nc6 20. Bh6 Rf7
21. Bf1 Qd7 22. Rad1 Rxg7 23. Bxg7 Kxg7 24. Qxd6 Qxd6 25. Rxd6 Rf8 26. h3 Rf7
27. Re8 Ne7 28. Kh2 h5 29. Bd3 Ba6 30. Be2 h4 31. f4 Nf5 32. Rdd8 Ng3 33. Rd4
Bb7 34. Bg4 Bc6 35. Rc8 Be4 36. Rdd8 Rxf4 37. Rh8 Nf1+ 38. Kg1 Ne3 39. Rcg8+
Kf6 40. Rxh4 Bxg2 41. Rh7 Rf1+ 42. Kh2 Nxg4+ 43. Kxg2 Ne3+ 44. Kh2 Rf2+ 45. Kh1
Rxa2 46. Rhg7 Rg2 47. Rxa7 Ne4 0-1